Applied modelling and simulation of technological systems : Proceedings : Konf. Lille, France, 3.- 6. June 1986 /

Enregistré dans:
Détails bibliographiques
Auteur principal: Tzafestas, Spyros G (xxx)
Autres auteurs: Borne, Pierre (Compilateur)
Format: Livre
Langue:anglais
Publié: Amsterdam : North-Holland, 1986
Édition:1.vyd.
Sujets:
Tags: Ajouter un tag
Pas de tags, Soyez le premier à ajouter un tag!

MARC

LEADER 00000nam a22000003a 4500
001 stu7777
005 20150617225806.4
008 950502s1986----ne------------------eng-d
020 |a 0-444-70249-0 
040 |a STU  |b slo 
041 0 |a eng 
044 |a ne 
080 |a 681.5.01 
080 |a 519.71  |7 stu_us_auth*stu8254 
080 |a 519.876 
080 |a 658.52.011.56  |7 stu_us_auth*stu8281 
080 |a 061.3(08) 
100 1 |a Tzafestas, Spyros G  |4 xxx 
245 1 |a Applied modelling and simulation of technological systems :  |b Proceedings : Konf. Lille, France, 3.- 6. June 1986 /  |c Edit.: Borne,Pierre; Tzafestas,Spyros 
250 |a 1.vyd. 
260 |a Amsterdam :  |b North-Holland,  |c 1986 
300 |a 726 s 
650 7 |a matematická kybernetika  |2 stusub 
650 7 |a technická kybernetika  |2 stusub 
650 7 |a robotika  |2 stusub 
650 7 |a automatizované systémy riadenia  |2 stusub 
650 7 |a modelovanie systémov  |2 stusub 
650 7 |a simulácia  |2 stusub 
650 7 |a ASR  |2 stusub 
700 1 |a Borne, Pierre  |4 com 
996 |b E79666  |c E*79666  |l EE11  |s P  |a 0  |w stu7777_0001